Ireland : lonely planet.

Bibliographic Details
Format: Book
Published: [Victoria]: Lonely Planet Publications, 2012.
Edition:10th ed.
Subjects:
LEADER 00440cam a2200157 7i4500
001 0000028232
005 20130111090000.0
020 0 0 |a 9781741798241  
090 0 0 |a IRLD 910.202   |b IRE 
245 0 0 |a Ireland :   |b lonely planet. 
250 0 0 |a 10th ed. 
260 0 0 |a [Victoria]:   |b Lonely Planet Publications,   |c 2012. 
300 # # |a 766 p. 
650 0 0 |a Ireland --   |x Guidebooks  
651 0 0 |a Ireland  
999 |a B000031620  |b Book  |c Countries  |e Business Information Centre